Smernice Úradu geodézie, kartografie a katastra Slovenskej republiky na aktualizáciu základnej mapy Slovenskej republiky 1 : 50 000 /
Gespeichert in:
| Körperschaft: | |
|---|---|
| Format: | Buch |
| Sprache: | Slowakisch |
| Veröffentlicht: |
Bratislava :
Úrad geodézie, kartografie a katastra Slovenskej republiky,
1998
|
| Ausgabe: | 1. vyd. |
| Schlagworte: | |
| ISBN: | 8085672391 |
| Online-Zugang: |
|
| Tags: |
Tag hinzufügen
Keine Tags, Fügen Sie den ersten Tag hinzu!
|
MARC
| LEADER | 00000nam a2200000 4500 | ||
|---|---|---|---|
| 003 | SK-BrCVT | ||
| 005 | 20220617195205.0 | ||
| 008 | 990402s1998 xo e ||||||slo d | ||
| 020 | |a 8085672391 | ||
| 035 | |a CVTIDW0948242 | ||
| 040 | |b slo |a CVTI SR | ||
| 041 | 0 | |a slo | |
| 044 | |a xo | ||
| 080 | |a 528.9:34 |2 UDC-MRF | ||
| 110 | 1 | |a Úrad geodézie, kartografie a katastra Slovenskej republiky (Bratislava, Slovensko) |4 org | |
| 245 | 1 | 0 | |a Smernice Úradu geodézie, kartografie a katastra Slovenskej republiky na aktualizáciu základnej mapy Slovenskej republiky 1 : 50 000 / |c Úrad geodézie, kartografie a katastra Slovenskej republiky |
| 250 | |a 1. vyd. | ||
| 260 | |a Bratislava : |b Úrad geodézie, kartografie a katastra Slovenskej republiky, |c 1998 | ||
| 300 | |a 23 s. : |b grafy, obr., tab. ; | ||
| 655 | 7 | |a informačný materiál |2 SNKPH | |
| 692 | |a LN OR ZH MM | ||
| 910 | |b A567749 | ||
| 919 | |a 80-85672-39-1 | ||
| 974 | |f Knihy | ||
| 992 | |a AIM | ||
| 999 | |c 103978 |d 103978 | ||

